书目信息 |
| 题名: |
水能技术发展战略研究
|
|
| 作者: | 王超 主编 | |
| 分册: | ||
| 出版信息: | 北京 机械工业出版社 2021.11 |
|
| 页数: | 11, 187页 | |
| 开本: | 24cm | |
| 丛书名: | 中国能源革命与先进技术丛书 | |
| 单 册: | ||
| 中图分类: | TK71 | |
| 科图分类: | ||
| 主题词: | 水能--shui neng--研究--中国 | |
| 电子资源: | ||
| ISBN: | 978-7-111-69342-0 | |
| 000 | 01301oam2 2200241 450 | |
| 001 | 011025154631 | |
| 005 | 20221025154631.0 | |
| 010 | @a978-7-111-69342-0@dCNY119.00 | |
| 100 | @a20201004d2021 em y0chiy0120 ea | |
| 101 | 0 | @achi |
| 102 | @aCN@b110000 | |
| 105 | @aa z 000yy | |
| 106 | @ar | |
| 200 | 1 | @a水能技术发展战略研究@Ashui neng ji shu fa zhan zhan lue yan jiu@f王超主编 |
| 210 | @a北京@c机械工业出版社@d2021.11 | |
| 215 | @a11, 187页@c图, 照片@d24cm | |
| 225 | 2 | @a中国能源革命与先进技术丛书@Azhong guo neng yuan ge ming yu xian jin ji shu cong shu@f李立浧主编 |
| 330 | @a本书介绍了国内外水能技术发展现状,分析了高水头大流量水资源开发利用、小水电、抽水蓄能、鱼类友好、大坝建设全过程实时监控集成系统、大坝服役高精度仿真与健康诊断、极端灾害下大坝风险调控,以及水利水电开发对环境影响分析等技术,提出了水能技术重点领域和关键技术,给出了常规水电发展技术路线图和抽水蓄能发展技术路线图;同时,提出了水电开发过程中需要坚持保护、大力发展生态友好型小水电站和抽水蓄能电站,创新水电移民工作思路,解决水电移民安置问题以及积极、有序地开发藏东南雅鲁藏布江等水能资源,推进高水头大流量水资源开发利用的建议。 | |
| 410 | 0 | @12001 @a中国能源革命与先进技术丛书 |
| 606 | 0 | @a水能@Ashui neng@x研究@y中国 |
| 690 | @aTK71@v5 | |
| 701 | 0 | @a王超@Awang chao@4主编 |
| 905 | @a河南城建学院图书馆@dTK71@eW126 | |
| 水能技术发展战略研究/王超主编.-北京:机械工业出版社,2021.11 |
| 11, 187页:图, 照片;24cm.-(中国能源革命与先进技术丛书/李立浧主编) |
| ISBN 978-7-111-69342-0:CNY119.00 |
| 本书介绍了国内外水能技术发展现状,分析了高水头大流量水资源开发利用、小水电、抽水蓄能、鱼类友好、大坝建设全过程实时监控集成系统、大坝服役高精度仿真与健康诊断、极端灾害下大坝风险调控,以及水利水电开发对环境影响分析等技术,提出了水能技术重点领域和关键技术,给出了常规水电发展技术路线图和抽水蓄能发展技术路线图;同时,提出了水电开发过程中需要坚持保护、大力发展生态友好型小水电站和抽水蓄能电站,创新水电移民工作思路,解决水电移民安置问题以及积极、有序地开发藏东南雅鲁藏布江等水能资源,推进高水头大流量水资源开发利用的建议。 |
| ● |
| 相关链接 |
|
|
|
正题名:水能技术发展战略研究
索取号:TK71/W126
 
预约/预借
| 序号 | 登录号 | 条形码 | 馆藏地/架位号 | 状态 | 备注 |
| 1 | 1591095 | 215910959 | 自科库501/501自科库 136排8列2层/ [索取号:TK71/W126] | 在馆 |